Time Frame 1500-600 BC : (Record no. 10981)

MARC details
000 -LEADER
campo de control de longitud fija 00403nam a2200121Ia 4500
005 - FECHA Y HORA DE LA ÚLTIMA TRANSACCIÓN
campo de control 20260328104311.0
008 - DATOS DE LONGITUD FIJA--INFORMACIÓN GENERAL
campo de control de longitud fija 260328s9999||||xx |||||||||||||| ||und||
100 ## - ENTRADA PRINCIPAL--NOMBRE DE PERSONA
Nombre de persona Hall, John
245 #0 - MENCIÓN DEL TÍTULO
Título Time Frame 1500-600 BC :
Resto del título the aggressive Empires Egypt´s Golden Age the Greek Crucible the Mediterranean Traders , Asian Evolutions /
Mención de responsabilidad, etc. John Hall
260 ## - PUBLICACIÓN, DISTRIBUCIÓN, ETC.
Nombre del editor, distribuidor, etc. By the editors
650 ## - PUNTO DE ACCESO ADICIONAL DE MATERIA--TÉRMINO DE MATERIA
Término de materia o nombre geográfico como elemento de entrada EGIPTO
942 ## - ELEMENTOS DE ENTRADA SECUNDARIOS (KOHA)
Tipo de ítem Koha Referencia
Holdings
Estatus retirado Estado de pérdida Estado de daño No para préstamo Colección Biblioteca de origen Biblioteca actual Ubicación en estantería Fecha de adquisición Número de inventario Total de préstamos Signatura topográfica completa Código de barras Visto por última vez Copia número Precio de reemplazo Tipo de ítem Koha
        Referencia Biblioteca Gonzalo Peláez Caldas Biblioteca Gonzalo Peláez Caldas Referencia 28/03/2026 5225   R 709 H 1401 5225 28/03/2026 1 28/03/2026 Libros